000 00856nam a2200277 a 4500
001 24891
003 CO-ViMGA
008 141112s2004 ck r 000 u spa d
020 _a9789583011702
040 _aCO-ViMGA
_bspa
_cCO-ViMGA
041 _aSPA
090 _aP ALO4
100 1 _aAlonso, Dora, 1910 - 2001
_937244
245 1 0 _aLa flauta de chocolate /
_cDora Alonso ; ilustraciones María Fernanda Mantilla
250 _a1a ed., 1a reimpr.
260 _aBogotá :
_bPanAméricana,
_c2012
300 _a64 p. : il. col. : il.
490 _aQue pase el tren
650 1 4 _aAUTORES CUBANOS
_923537
650 1 4 _aDESDE LOS 3 AÑOS
_937245
650 1 4 _aPOESIA CUBANA - SIGLO XX
_937246
650 1 4 _aPOESIA INFANTIL CUBANA
_947639
650 1 4 _aRIMAS INFANTILES
700 1 _aMantilla Navarrete, María Fernanda
_937247
942 _2ddc
_cBK
999 _c32684
_d32684